Flavors of Powerthirst Quiz Stats

 Plays Quiz not verified by Sporcle

Support Sporcle.
Go Orange.
Score 0/9 Timer 03:00
0 Plays Today
Flavor % Correct
Rawberry
100%
Gun
83.3%
Fizzb*tch
66.7%
Manana
58.3%
Godberry
58.3%
Shockolate
58.3%
Women
41.7%
Juice Springsteen
41.7%
Doves
33.3%

You're not logged in!

Compare scores with friends on all Sporcle quizzes.
OR
Log In

From the Vault

Movies Cut Off At 'O'

by MSUKent

We don't really 'O' what happened here.
Remove Ads.
Support Sporcle.
Get the best of Sporcle when you Go Orange. This ad-free experience offers more features, more stats, and more fun while also helping to support Sporcle. Thank you for becoming a member.

Show Comments

Extras

Created Feb 9, 2011SourceReportNominate
Tags:Flavor, Powerthirst

Top Quizzes Today


Score Distribution

Your Account Isn't Verified!

In order to create a playlist on Sporcle, you need to verify the email address you used during registration. Go to your Sporcle Settings to finish the process.

Report this User

Report this user for behavior that violates our Community Guidelines.

Details: